000 00779nas a2200253 4500
001 BR7903272
003 BR-BrBNA
005 20231205083739.0
007 ta
008 230509b bl.|||p| |||| 00| 00por d
040 _aBR-BrBNA
_bpor
_cBiblioteca Nacional de Agricultura
041 _a(Pt)
072 _aE15; E70
100 1 _aCardoso, D.A.M.
245 1 _aAspectos economicos da citricultura [comercializacao, Brasil]
650 _aFRUTA CITRICA
650 _aEXPORTACAO
650 _aPRODUTIVIDADE
650 _aCONSUMO
650 _aPRECO
773 0 _tInforme Agropecuario - Empresa de Pesquisa Agropecuaria de Minas Gerais (Brazil)
_xISSN 0100-3364
_g(Mar 4979), v. 5(51) p. 3-13
_wBR7903272
909 _a202311
_bLúcia
_c55
_dLúcia Elande
942 _2AGRIS
_n0
_cANA
999 _c100932
_d100932